000 00454 a2200157 4500
001 192991
020 _a978-85-16-09826-1
040 _cMagnum
100 _aMc Donald, Megan
240 1 0 _aJudy moody e seu fantástico livro de coisas superlegais para fazer!
_lpor
245 1 0 _aJudy moody e seu fantástico livro de coisas superlegais para fazer!
300 _a
362 0 _a2010
697 _aLITERATURA INFANTO-JUVENIL ESTRANGEIRA
942 _cBK
999 _c192991
_d192991